Food Plant Sanitation: Design, Maintenance, and Good Manufacturing Practices (Record no. 341728)
[ view plain ]
| 000 -LEADER | |
|---|---|
| fixed length control field | 00358nam a22001337a 4500 |
| 020 ## - INTERNATIONAL STANDARD BOOK NUMBER | |
| International Standard Book Number | 9781466511736 |
| 082 ## - DEWEY DECIMAL CLASSIFICATION NUMBER | |
| Classification number | 664.02853 |
| Item number | CRA/FO |
| 100 ## - MAIN ENTRY--PERSONAL NAME | |
| Personal name | Cramer,Michael M. |
| 9 (RLIN) | 973 |
| 245 ## - TITLE STATEMENT | |
| Title | Food Plant Sanitation: Design, Maintenance, and Good Manufacturing Practices |
| 250 ## - EDITION STATEMENT | |
| Edition statement | 2 nd |
| 260 ## - PUBLICATION, DISTRIBUTION, ETC. (IMPRINT) | |
| Place of publication, distribution, etc. | Boca Raton |
| Name of publisher, distributor, etc. | CRC Press |
| Date of publication, distribution, etc. | 2013 |
| 300 ## - PHYSICAL DESCRIPTION | |
| Extent | 291 |
| 942 ## - ADDED ENTRY ELEMENTS (KOHA) | |
| Koha item type | Reference Book |
| Withdrawn status | Lost status | Damaged status | Not for loan | Collection code | Home library | Current library | Shelving location | Date acquired | Source of acquisition | Cost, normal purchase price | Total Checkouts | Full call number | Barcode | Date last seen | Date checked out | Price effective from | Koha item type |
|---|---|---|---|---|---|---|---|---|---|---|---|---|---|---|---|---|---|
| Reference Book | Kelappaji College of Agricultural Engineering & Technology Library, Tavanur | Kelappaji College of Agricultural Engineering & Technology Library, Tavanur | 16/07/2016 | Dream Tech, Trivandrum | 9612.10 | 3 | 664.02853 CRA/FO | KAU_KCAEFT-24434 | 04/07/2024 | 07/06/2024 | 16/07/2016 | Reference Book |
